000 00710nam a2200289Ia 4500
005 20260324134352.0
008 008 260324s9999 xx 000 0 eng d
020 _a9780203361665
037 _aEBOOK
040 _aCRL
040 _beng
040 _cCRL
041 _2eng
041 _aeng
084 _qCRL
100 _aKristina Jonsson; Catarina Kinnvall
_91196558
245 0 _aGlobalization and Democratization in Asia
245 4 _bThe Construction of Identity
260 _bTaylor and Francis
260 _c2002
365 _a
365 _b325
856 _uhttp://www.taylorfrancis.com/books/9780203361665
942 _cEBOOK
999 _c1796587
_d1796587